000 01504nam a2200409 c 4500
001 23779
003 ES-MaCES
005 20150924145441.0
008 110517s2011 sp l o000 | spa d
017 _aBI 874-2011
_bDL
035 _aCES20110003867m
040 _aES-MaCES
_bspa
_cES-MaCES
041 0 _aspa
_abaq
110 2 _aConsejo Económico y Social Vasco
_92447
245 1 0 _aDictamen 7-11 sobre el Proyecto de Decreto del Registro de personas mediadoras
_b: Bilbao, 23 de marzo de 2011
_cConsejo Económico y Social Vasco = Irizpena 7-11 bitartekiaren erregistroaren Dekretu Proiektuari buruzkoa, Bilbon, 2011ko martxoak 23an
260 _aBilbao = Bilbon
_bCES
_c[2011]
300 _a9 p. dup.
_c24 cm
500 _aTít. tomado de ports. paralelas
500 _aTexto en castellano y euskera
541 _cGratuito
610 2 4 _aRegistro de Personas Mediadoras (País Vasco)
_94892
650 4 _afamilia
_927318
650 4 _aconflicto
_927304
650 4 _aarreglo de conflicto
_927305
650 4 _amediación
_929897
650 4 _atrabajador social
_928496
650 4 _acalificación profesional
_928319
650 4 _aPaís Vasco
_930799
650 4 _arégimen jurídico
_929894
650 4 _adictamen
_930802
653 1 0 _aEmpleo
650 4 _928420
_atrabajador profesional
740 0 2 _aIrizpena 7-11 bitartekiaren erregistroaren Dekretu Proiektuari buruzkoa
902 _aLIB Libro
942 _2CES
_cBK
_h2.1.
999 _c23779
_d23779